दायेरे आस्थाओं के / (Record no. 114543)

MARC details
000 -LEADER
fixed length control field 01033nam a22002537a 4500
005 - DATE AND TIME OF LATEST TRANSACTION
control field 20170124103010.0
010 ## - LIBRARY OF CONGRESS CONTROL NUMBER
LC control number 718559
020 ## - INTERNATIONAL STANDARD BOOK NUMBER
Terms of availability 9.00
035 ## - SYSTEM CONTROL NUMBER
System control number 718559
037 ## - SOURCE OF ACQUISITION
Source of stock number/acquisition Cen Lib/Ret
040 ## - CATALOGING SOURCE
Original cataloging agency DPL
Language of cataloging HN
082 ## - DEWEY DECIMAL CLASSIFICATION NUMBER
Classification number
Item number भैरप्पा
100 ## - MAIN ENTRY--PERSONAL NAME
Personal name भैरप्पा, सं.लि
9 (RLIN) 57247
245 ## - TITLE STATEMENT
Title दायेरे आस्थाओं के /
Statement of responsibility, etc सं.लि भैरप्पा
246 ## - VARYING FORM OF TITLE
Title proper/short title Dayere asthayon ke /
Remainder of title by Sn. Li Bhairappa
260 ## - PUBLICATION, DISTRIBUTION, ETC. (IMPRINT)
Place of publication, distribution, etc नई दिल्ली
Name of publisher, distributor, etc भारतीय ज्ञान पीठ प्रकाशन
Date of publication, distribution, etc 1976
270 ## - ADDRESS
Address बी-४५-४७, कोनोट प्लेस
City नई दिल्ली
Postal code 110001
300 ## - PHYSICAL DESCRIPTION
Extent 206पृ.
Dimensions 17सेमी(सजिल्द )
650 ## - SUBJECT ADDED ENTRY--TOPICAL TERM
Topical term or geographic name as entry element हिंदी साहित्य
General subdivision
Geographic subdivision
9 (RLIN) 57248
650 ## - SUBJECT ADDED ENTRY--TOPICAL TERM
Topical term or geographic name as entry element हिंदी उपन्यास
9 (RLIN) 57249
650 ## - SUBJECT ADDED ENTRY--TOPICAL TERM
Topical term or geographic name as entry element Hindi literature
Form subdivision
9 (RLIN) 57250
650 ## - SUBJECT ADDED ENTRY--TOPICAL TERM
Topical term or geographic name as entry element Hindi fiction
9 (RLIN) 27248
942 ## - ADDED ENTRY ELEMENTS (KOHA)
Source of classification or shelving scheme Dewey Decimal Classification
Koha item type Hindi Books
Classification part
Call number suffix भैरप्पा
Holdings
Withdrawn status Lost status Damaged status Not for loan Home library Current library Date acquired Source of acquisition Cost, normal purchase price Total Checkouts Full call number Barcode Date last seen Copy number Cost, replacement price Price effective from Koha item type Public note
Written off       Central Library Central Library 18/08/2015 Cen Lib/Ret 9.00   उ भैरप्पा 718559 18/08/2015 1 9.00 18/08/2015 Hindi Books Written off on approval by DLB (By Circulation); dtd 15-06-2023

© Delhi Public Library
Hit Counter
free hit counter